LEADER 03951nam 2200517 450 001 9910765887503321 005 20230712151835.0 010 $a0-367-66683-9 010 $a1-351-76562-0 010 $a1-351-76563-9 035 $a(CKB)4340000000265612 035 $a(MiAaPQ)EBC5352072 035 $a(MiAaPQ)EBC7245332 035 $a(Au-PeEL)EBL7245332 035 $a(EXLCZ)994340000000265612 100 $a20180515d2018 uy 0 101 0 $aeng 135 $aurcnu|||||||| 181 $ctxt$2rdacontent 182 $cc$2rdamedia 183 $acr$2rdacarrier 200 00$aSustainable modernity $ethe Nordic model and beyond /$fedited by Nina Witoszek and Atle Midttun 210 1$aLondon ;$aNew York :$cRoutledge,$d2018. 215 $a1 online resource (255 pages) 225 1 $aRoutledge Studies in Sustainability 311 $a1-138-71821-1 311 $a9781315195964 320 $aIncludes bibliographical references and index. 327 $aSustainable modernity and the architecture of the ?well-being society? -- Cooperation, competition and multi-level selection -- Nordic humanism as a driver of the welfare society -- Individualism and collectivism in Nordic schools -- Scaling up solidarity from the national to the global -- Scandinavian feminism and gender partnership -- A welfare ?regime of goodness?? -- Challenges to the Nordic work model in the age of globalized digitalization -- Between individualism and communitarianism -- Civilising global capitalism -- Eco-modernity Nordic style -- Afterword 330 $a"In the 21st century, Norway, Denmark and Sweden remain the icons of fair societies, with high economic productivity and quality of life. But they are also an enigma in a cultural-evolutionary sense: though by no means following the same socio-economic formula, they are all cases of a "non-hubristic", socially sustainable modernity that puzzles outside observers. Using Nordic welfare states as its laboratory, Sustainable Modernity combines evolutionary and socio-cultural perspectives to illuminate the mainsprings of what the authors call the "well-being society". The main contention is that the Nordic uniqueness is not merely the outcome of one particular set of historical institutional or political arrangements, or sheer historical luck; rather, the high welfare creation inherent in the Nordic model has been predicated on a long and durable tradition of social cooperation, which has interacted with global competitive forces. Hence the socially sustainable Nordic modernity should be approached as an integrated and tightly orchestrated ecosystem based on a complex interplay of cooperative and competitive strategies within and across several domains: normative-cultural, economic, socio-political and redistributive. The key question is: Can the Nordic countries uphold the balance of competition and cooperation and reproduce their resilience in the age of globalization, cultural collisions, the digital economy, the fragmentation of the work/life division, and often intrusive EU regulation With contributors providing insights from the humanities, the social sciences and evolutionary science, this book will be of great interest to students and scholars of political science, sociology, history, institutional economics, Nordic studies and human evolution studies." -- Provided by publisher. 410 0$aRoutledge studies in sustainability. 606 $aWelfare state$zScandinavia 606 $aSustainability$xSocial aspects$zScandinavia 607 $aScandinavia$xSocial conditions$y21st century 615 0$aWelfare state 615 0$aSustainability$xSocial aspects 676 $a361.650948 702 $aWitoszek$b Nina 702 $aMidttun$b Atle$f1952- 801 0$bMiAaPQ 801 1$bMiAaPQ 801 2$bMiAaPQ 906 $aBOOK 912 $a9910765887503321 996 $aSustainable Modernity$91971721 997 $aUNINA LEADER 05797oam 2201081 c 450 001 9910372790503321 005 20260302090207.0 010 $a9783839410547 010 $a3839410541 024 7 $a10.14361/9783839410547 035 $a(CKB)3710000000482819 035 $a(OAPEN)1007625 035 $a(DE-B1597)461242 035 $a(OCoLC)1013939682 035 $a(OCoLC)958037319 035 $a(DE-B1597)9783839410547 035 $a(MiAaPQ)EBC5494353 035 $a(Au-PeEL)EBL5494353 035 $a(OCoLC)1049912075 035 $a(transcript Verlag)9783839410547 035 $a(MiAaPQ)EBC6955835 035 $a(Au-PeEL)EBL6955835 035 $a(oapen)https://directory.doabooks.org/handle/20.500.12854/34891 035 $a(ScCtBLL)455363d4-7165-4061-8d9b-05d46f5c9dca 035 $a(EXLCZ)993710000000482819 100 $a20260302h20152009 uy 0 101 0 $ager 135 $auuuuu---auuuu 181 $ctxt$2rdacontent 182 $cc$2rdamedia 183 $acr$2rdacarrier 200 10$aSchwarze deutsche Kolonialsoldaten$eMehrdeutige Repräsentationsräume und früher Kosmopolitismus in Afrika$fStefanie Michels 205 $a1st ed. 210 $aBielefeld$ctranscript Verlag$d2015 210 $d2015, c2009 215 $a1 online resource (266) 225 0 $aHistoire 311 08$a9783837610543 311 08$a3837610543 327 $aFrontmatter 1 Inhalt 5 1. Perso?nliche Anna?herungen - statt eines Vorwortes 7 2. Die Entstehung imperialer Ra?ume 27 3. (Post-)Koloniale (Un-)Ordnungen 155 4. Ausblick 229 5. Anhang 237 Danksagung 261 Backmatter 263 330 $aDie »schwarzen« deutschen Kolonialsoldaten sind seit der Niederlage im Ersten Weltkrieg als »treue Askari« bekannt. Sie waren in den deutschen Kolonialgebieten die Träger kolonialer Gewalt und damit die Basis deutsch-kolonialer Machtausübung. Ihre zentrale Funktion in der Repräsentation kolonialer Ordnung und deren ständige Bedrohung wird in diesem Buch an Text- und Bilddokumenten gezeigt. In globalgeschichtlicher Perspektive werden sowohl die kosmopolitischen Vorgeschichten der Kolonialsoldaten sowie Aneignungs- und Umdeutungsprozesse in Afrika bis ins 21. Jahrhundert verfolgt und so etablierte Wahrnehmungsregime dezentriert. 330 1 $aBesprochen in: www.freiburg-postkolonial.de, 4 (2010), Joachim Zellerliteraturkritik.de, 5 (2010), Klaus-Jürgen KlemmAriadne, 5 (2010), Elke Kleinau Historische Zeitschrift, 292/1 (2011), Winfried Speitkamphttp://schwarzweiss-hd.de, 11.04.2012 330 1 $a»Michels Studie ist eine überzeugende Kombination aus postkolonialer Schreibweise und empirischer Forschung. Durch Aktualitätsbezüge spitzt sie ihre Thesen zu und fordert zu Diskussionen auf. Diese sind dem Buch neben vielen LeserInnen zu wünschen.« 330 1 $a»Michels Studie weist auf zentrale Forschungslücken der Afrika- und Kolonialgeschichtsschreibungen, und beschreitet neue Wege, um diesen Forschungsdesiderata gerecht zu werden.Es handelt sich um ein interessantes Buch, das zum Verständnis der Verhältnisse von Repräsentation und Macht am Rande der Empire beiträgt.« 330 1 $a»Das auf Rasse, Geschlecht und Nation basierende Mit- und Gegeneinander innerhalb der kolonialen Hierarchie erfährt Entflechtung, und postkoloniale Machtverhältnisse erhalten so eine überzeugende Erklärung.« 330 1 $a»Die Historikerin Michels hat mit ihrem Buch über die (treuen) ?Askari?, einst eine zentrale Figur der deutschen Kolonialpropaganda, eine exzellente Analyse vorgelegt. Sie möchte damit der schwarz-weißen Begegnungsgeschichte auf die Sprünge helfen, die bislang von einem ?kolonialen Missverstehen? geprägt war.« 330 1 $a»[Das Buch ist] wärmstens zu empfehlen, geht es doch auf eine in der deutschen Kolonialgeschichtsschreibung wenig behandelte Problematik ein und füllt so manche Lücke darin.« 330 1 $a»Stefanie Michels zeigt in ihrem Buch einen Weg auf, wie aus der Kritik am Eurozentrismus und kolonialen Diskursen eine postkoloniale Geschichte des deutschen Kaiserreiches geschrieben werden kann. Mit ein wenig Konzentration ist das Buch auch für AnfängerInnen in Kolonialgeschichte geeignet.« 410 0$aHistoire 517 2 $aMichels, Schwarze deutsche$eMehrdeutige Repräsentationsräume und früher Kosmopolitismus in Afrika 606 $aKolonialismus 606 $aPostcolonialism 606 $aPostkolonialismus 606 $aAfrica 606 $aFotografien 606 $aCultural History 606 $aAfrican History 606 $aAfrika 606 $aMilitär 606 $aHistory of Colonialism 606 $aKulturgeschichte 606 $aGlobal History 606 $aAfrikanische Geschichte 606 $aHistory 606 $aKolonialgeschichte 606 $aGlobalgeschichte 606 $aGeschichtswissenschaft 615 4$aKolonialismus 615 4$aPostcolonialism 615 4$aPostkolonialismus 615 4$aAfrica 615 4$aFotografien 615 4$aCultural History 615 4$aAfrican History 615 4$aAfrika 615 4$aMilitär 615 4$aHistory of Colonialism 615 4$aKulturgeschichte 615 4$aGlobal History 615 4$aAfrikanische Geschichte 615 4$aHistory 615 4$aKolonialgeschichte 615 4$aGlobalgeschichte 615 4$aGeschichtswissenschaft 676 $a325.343096 686 $aNQ 9400$2rvk 700 $aMichels$b Stefanie$p
Stefanie Michels, Universität Hamburg, Deutschland
$4aut$0876620 801 0$bDE-B1597 801 1$bDE-B1597 906 $aBOOK 912 $a9910372790503321 996 $aSchwarze deutsche Kolonialsoldaten$91957396 997 $aUNINA